000 00762cam a2200253 i 4500
001 18838672
005 20250130013103.0
008 151030s2017 cau b 000 0 eng
020 _a9781483379487
040 _aDLC
_beng
_cDLC
_erda
_dDLC
082 0 0 _a305.3
_27041
_bSPA
245 0 4 _aThe Kaleidoscope of Gender:
_bPrisms, Patterns, and Possibilities
250 _aFifth Edition.
260 _aCalifornia;
_aLondon;
_aNew Delhi;
_aSingapore
_bSAGE Publications
_c2017
300 _axxvii, 657 p.,
650 0 _aSex Role.
650 0 _aSex Differences (Psychology)
650 0 _aGender Identity.
650 0 _aMan-Woman Relationships.
650 0 _aInterpersonal Relations.
700 1 _aSpade, J. Z
_eedt
700 1 _aValentine, C. G
_eedt
942 _cL
999 _c5970
_d5970